00583nam a22000977a 4500040000800000082003000008100002100038245031400059300002500373856008700398 cRUA aAGR.BB SIE 2010 B060 Or.1 aSIENG, VANSITHA. aEffect of organic fertilizer on melon in anlongvil commune, sanke district, battambang province, ឥទ្ធិពលជីសរីរាង្គលើដំណាំមីឡុង ក្នុងឃុំអន្លុងវិល ស្រុកសង្កែ ខេត្តបាត់ដំបង.  aix,71p.bill.c29cm. uhttps://drive.google.com/file/d/1XDpkQTgEWIPwH_p_X9SJkenX0qv6AG-O/view?usp=sharing